000 00426nam a2200157 i 4500
001 63531
003 ES-MaACL
005 20230906164911.0
007 t|
008 031211s1917 fr ||||1| fre d
100 1 _aFerrero, Guglielmo.
_950546
245 1 3 _aLe genie latin et le monde moderne /
_cGuglielmo Ferrero.
260 _aParis :
_bBernard Grasset,
_c1917.
300 _a335 p. ;
_c19 cm.
852 _aES-MaACL
_jF-2516
999 _c63531
_d63531